[Event "FRA-chT3 North 0304"]
[Site "France"]
[Date "2004.02.01"]
[Round "6.5"]
[White "Van Dijk, Hendrik"]
[Black "Aubriet, Laurent"]
[Result "1-0"]
[WhiteElo "1980"]
[BlackElo "1910"]
[PlyCount "54"]
[EventDate "2003.11.??"]
[EventType "team-tourn"]
[EventRounds "9"]
[EventCountry "FRA"]
[SourceTitle "EXT 2006"]
[Source "ChessBase"]
[SourceDate "2005.11.24"]
[SourceVersion "1"]
[SourceVersionDate "2005.11.24"]
[SourceQuality "1"]
[WhiteTeam "Baisieux"]
[BlackTeam "Charleville Mezieres"]
[WhiteTeamCountry "FRA"]
[BlackTeamCountry "FRA"]

1. e4 c5 2. Nf3 Nc6 3. Bb5 g6 4. 0-0 Bg7 5. c3 a6 6. Bxc6 dxc6 7. Re1 e5 8. d3 f6 9. Be3 Qe7 10. d4 cxd4 11. cxd4 Bg4 12. h3 Bxf3 13. Qxf3 exd4 14. Bxd4 0-0-0 15. Qc3 Nh6 16. Na3 Nf7 17. Nc4 Rhe8 18. Bb6 Rd7 19. Ba7 b5 20. Nb6+ Kb7 21. Nxd7 Qxd7 22. Rad1 Qc7 23. Bd4 Ng5 24. Qc5 Nxe4 25. Qa7+ Kc8 26. Qa8+ Qb8 27. Qxc6+ Qc7 1-0

[Event "FRA-chT3 North 0304"]
[Site "France"]
[Date "2004.01.18"]
[Round "5.5"]
[White "Aubriet, Laurent"]
[Black "Fournier, Nicolas"]
[Result "1-0"]
[WhiteElo "1910"]
[BlackElo "1930"]
[PlyCount "69"]
[EventDate "2003.11.??"]
[EventType "team-tourn"]
[EventRounds "9"]
[EventCountry "FRA"]
[SourceTitle "EXT 2006"]
[Source "ChessBase"]
[SourceDate "2005.11.24"]
[SourceVersion "1"]
[SourceVersionDate "2005.11.24"]
[SourceQuality "1"]
[WhiteTeam "Charleville Mezieres"]
[BlackTeam "Aulnoye"]
[WhiteTeamCountry "FRA"]
[BlackTeamCountry "FRA"]

1. d4 d5 2. c4 dxc4 3. e3 Nf6 4. Nf3 Bf5 5. Bxc4 e6 6. 0-0 Nbd7 7. b3 Nb6 8. Bd3 Bg4 9. Ba3 Bd6 10. Bxd6 Qxd6 11. Nc3 0-0 12. Rc1 c6 13. h3 Bh5 14. g4 Bg6 15. Bxg6 fxg6 16. Qe2 Nbd5 17. Ne5 Nxc3 18. Rxc3 Ne4 19. Rc2 Rf6 20. Kg2 Ng5 21. h4 Nf7 22. f4 Qd5+ 23. e4 Qxd4 24. Rd2 Qc3 25. Rd3 Qa5 26. Nc4 Qc7 27. e5 Nxe5 28. Qxe5 Qe7 29. Qd6 Qe8 30. Ne5 a5 31. Kg3 h6 32. Qd7 Qb8 33. g5 hxg5 34. hxg5 Rf5 35. Qxe6+ 1-0

[Event "FRA-chT3 North 0304"]
[Site "France"]
[Date "2003.11.15"]
[Round "2.5"]
[White "Faure, Stephane"]
[Black "Aubriet, Laurent"]
[Result "1-0"]
[WhiteElo "2090"]
[BlackElo "1910"]
[PlyCount "140"]
[EventDate "2003.11.??"]
[EventType "team-tourn"]
[EventRounds "9"]
[EventCountry "FRA"]
[SourceTitle "EXT 2006"]
[Source "ChessBase"]
[SourceDate "2005.11.24"]
[SourceVersion "1"]
[SourceVersionDate "2005.11.24"]
[SourceQuality "1"]
[WhiteTeam "Lille II"]
[BlackTeam "Charleville Mezieres"]
[WhiteTeamCountry "FRA"]
[BlackTeamCountry "FRA"]

1. c4 Nf6 2. Nc3 g6 3. Nf3 Bg7 4. d4 0-0 5. Bg5 d6 6. h3 Nbd7 7. e4 h6 8. Be3 c5 9. e5 Ne8 10. dxc5 dxe5 11. Qd2 Nef6 12. Bxh6 e4 13. Bxg7 Kxg7 14. Ng5 Nxc5 15. Qe3 Nd3+ 16. Bxd3 Qxd3 17. Qxd3 exd3 18. 0-0-0 Kh6 19. Nf3 Be6 20. b3 Rad8 21. g4 Kg7 22. Ne5 Rh8 23. f3 Rh4 24. Nxd3 Rdh8 25. Nf2 Nd7 26. Rhe1 Nf6 27. Re5 Ne8 28. Nce4 Nc7 29. Nc5 b6 30. Ncd3 Rd8 31. Nb4 Rxd1+ 32. Kxd1 Kf6 33. f4 Kg7 34. Nc6 Rh8 35. Nxe7 Rd8+ 36. Ke2 f6 37. Re4 Kf7 38. Nc6 Rd6 39. Nxa7 f5 40. gxf5 Bxf5 41. Re5 Bb1 42. Ne4 Rd7 43. Ng5+ Kf6 44. a4 Bc2 45. Re3 Kf5 46. Kf3 Rd4 47. Re5+ Kf6 48. Nc6 Rd3+ 49. Ke2 Rxb3 50. Re7 Bd3+ 51. Kd2 Bxc4 52. Ne4+ Kf5 53. Nd4+ Kxf4 54. Nxb3 Nd5 55. Nd6 Nxe7 56. Nxc4 Nc6 57. Nc1 g5 58. Ne2+ Kf3 59. Nc3 Kg3 60. Ne4+ Kxh3 61. Nxg5+ Kg4 62. Nf7 Kf5 63. Kc3 Ke6 64. Nfd6 Kd7 65. Nb5 Kc8 66. Nxb6+ Kb7 67. Nc4 Ka6 68. Nc7+ Kb7 69. Ne6 Ka6 70. Nc5+ Ka7 1-0

[Event "FRA-chT4 0203"]
[Site "Champagne Ardenne"]
[Date "2003.03.16"]
[Round "6"]
[White "Aubriet, Laurent"]
[Black "Mainka, Gregor"]
[Result "0-1"]
[WhiteElo "2030"]
[BlackElo "2352"]
[PlyCount "86"]
[EventDate "2002.10.02"]
[EventType "team-tourn"]
[EventRounds "7"]
[EventCountry "FRA"]
[SourceTitle "EXT 2005"]
[Source "ChessBase"]
[SourceDate "2004.11.15"]
[SourceVersion "1"]
[SourceVersionDate "2004.11.15"]
[SourceQuality "1"]

1. d4 e6 2. c4 Nf6 3. Nc3 Bb4 4. e3 0-0 5. Nge2 d5 6. a3 Be7 7. cxd5 exd5 8. b4 c6 9. Ng3 b5 10. Qb3 a5 11. Rb1 Re8 12. Bd3 Nbd7 13. 0-0 Nb6 14. e4 axb4 15. axb4 dxe4 16. Ncxe4 Nfd5 17. Nc5 Bf6 18. Bb2 g6 19. Ra1 Rxa1 20. Rxa1 h5 21. h3 Bg7 22. Rc1 Nf4 23. Bf1 h4 24. Nge4 Nbd5 25. Rd1 Qe7 26. Bc1 Kh8 27. Qf3 f5 28. Nc3 Nxc3 29. Qxc3 Nd5 30. Qb3 Rd8 31. Be3 Nxe3 32. fxe3 Bh6 33. Re1 Kg7 34. e4 Bf4 35. Qf3 Bg3 36. Rd1 fxe4 37. Qxe4 Qf6 38. Rd2 Bb8 39. Be2 Bf5 40. Qf3 Rxd4 41. Ne6+ Bxe6 42. Qxf6+ Kxf6 43. Rxd4 Ba7 0-1

[Event "FRA-chT4 0203"]
[Site "Champagne Ardenne"]
[Date "2003.02.02"]
[Round "5"]
[White "Aubriet, Laurent"]
[Black "Collet, Guillaume"]
[Result "1-0"]
[WhiteElo "2030"]
[BlackElo "1910"]
[PlyCount "61"]
[EventDate "2002.10.02"]
[EventType "team-tourn"]
[EventRounds "7"]
[EventCountry "FRA"]
[SourceTitle "EXT 2005"]
[Source "ChessBase"]
[SourceDate "2004.11.15"]
[SourceVersion "1"]
[SourceVersionDate "2004.11.15"]
[SourceQuality "1"]

1. d4 d5 2. c4 c6 3. Nf3 Nf6 4. e3 a6 5. Nc3 b5 6. cxd5 cxd5 7. Bd3 Bg4 8. Qb3 Bxf3 9. gxf3 e6 10. Bd2 Be7 11. Rg1 g6 12. Rc1 0-0 13. Ne2 Nbd7 14. Nf4 Bd6 15. e4 Bxf4 16. Bxf4 Rc8 17. Ke2 Nb6 18. Rxc8 Qxc8 19. Rc1 Nc4 20. Qc2 dxe4 21. fxe4 Qb7 22. b3 Na5 23. Bd2 b4 24. Qc7 Qxc7 25. Rxc7 Rb8 26. f3 Ne8 27. Rc2 Rb6 28. Bh6 Rc6 29. Rxc6 Nxc6 30. Ke3 a5 31. Bb5 1-0

[Event "FRA-chT4 0001"]
[Site "Champagne Ardenne"]
[Date "2001.02.04"]
[Round "5"]
[White "Aubriet, Laurent"]
[Black "Flamant, Jacky"]
[Result "0-1"]
[WhiteElo "1980"]
[BlackElo "1730"]
[PlyCount "80"]
[EventDate "2001.10.??"]
[EventType "team-tourn"]
[EventRounds "7"]
[EventCountry "FRA"]
[SourceTitle "EXT 2005"]
[Source "ChessBase"]
[SourceDate "2004.11.15"]
[SourceVersion "1"]
[SourceVersionDate "2004.11.15"]
[SourceQuality "1"]

1. d4 Nf6 2. c4 e5 3. dxe5 Ng4 4. Bf4 Bb4+ 5. Nd2 d6 6. exd6 Qf6 7. e3 Qxb2 8. Ngf3 Bf5 9. dxc7 Nc6 10. Be2 0-0 11. 0-0 Nge5 12. Nb3 Rac8 13. Nfd4 Bg6 14. Qc1 Bc3 15. Qxb2 Bxb2 16. Rad1 Rxc7 17. Nb5 Rd7 18. Rxd7 Nxd7 19. Rd1 Nb6 20. Rd2 Be5 21. c5 Bxf4 22. cxb6 Bb8 23. bxa7 Nxa7 24. Nxa7 Bxa7 25. Rd7 Be4 26. Bf3 Bb1 27. a3 h6 28. Rxb7 Bb8 29. g3 Bd3 30. Nc5 Bf5 31. a4 Rc8 32. a5 Bd6 33. Ne4 Bh3 34. Rb1 Bc7 35. Rc1 Rb8 36. a6 Bb6 37. Rb1 Rc8 38. Bg2 Bf5 39. Nd2 Bxb1 40. Nxb1 Rc1+ 0-1

[Event "FRA-chT4 0001"]
[Site "Champagne Ardenne"]
[Date "2001.01.14"]
[Round "4"]
[White "Bultel, Bruno"]
[Black "Aubriet, Laurent"]
[Result "1-0"]
[WhiteElo "1870"]
[BlackElo "1980"]
[PlyCount "65"]
[EventDate "2001.10.??"]
[EventType "team-tourn"]
[EventRounds "7"]
[EventCountry "FRA"]
[SourceTitle "EXT 2005"]
[Source "ChessBase"]
[SourceDate "2004.11.15"]
[SourceVersion "1"]
[SourceVersionDate "2004.11.15"]
[SourceQuality "1"]

1. e4 g6 2. d4 Bg7 3. c3 d6 4. Nf3 Nf6 5. Bd3 c6 6. 0-0 0-0 7. e5 dxe5 8. Nxe5 Be6 9. Re1 Nbd7 10. Bf4 Nh5 11. Nxd7 Qxd7 12. Be5 f6 13. Bg3 Nxg3 14. hxg3 Rfe8 15. Nd2 Bf7 16. Bc4 Bxc4 17. Nxc4 Rad8 18. a4 Kh8 19. Qe2 b5 20. axb5 cxb5 21. Ne3 f5 22. f4 b4 23. Nc4 bxc3 24. bxc3 Qc7 25. Ra3 Bf6 26. Qa2 Rc8 27. Ne5 Rf8 28. Re3 Bxe5 29. Rxe5 Rf6 30. Qe2 Rf7 31. Rea5 Ra8 32. Qa2 Rff8 33. Qe6 1-0

[Event "Ardennes-ch 0102"]
[Site "Ardennes"]
[Date "2001.??.??"]
[Round "?"]
[White "Belloy, Julien"]
[Black "Aubriet, Laurent"]
[Result "1/2-1/2"]
[WhiteElo "1910"]
[BlackElo "2010"]
[PlyCount "38"]
[EventDate "2001.??.??"]
[EventType "swiss"]
[EventRounds "9"]
[EventCountry "FRA"]
[SourceTitle "EXT 2008"]
[Source "ChessBase"]
[SourceDate "2007.11.25"]
[SourceVersion "1"]
[SourceVersionDate "2007.11.25"]
[SourceQuality "1"]

1. d4 Nf6 2. c4 g6 3. Nc3 Bg7 4. e4 d6 5. f3 0-0 6. Be3 c5 7. dxc5 dxc5 8. Qxd8 Rxd8 9. Bxc5 Nc6 10. Rd1 Rxd1+ 11. Kxd1 Nd7 12. Be3 Bxc3 13. bxc3 Nde5 14. Bd4 Be6 15. Kc2 Nxc4 16. Ne2 N4a5 17. Nc1 Rd8 18. Bf2 Bc4 19. Nb3 b6 1/2-1/2

[Event "Ardennes-ch 0102"]
[Site "Ardennes"]
[Date "2001.??.??"]
[Round "?"]
[White "Flamant, Jacky"]
[Black "Aubriet, Laurent"]
[Result "0-1"]
[WhiteElo "1790"]
[BlackElo "1930"]
[PlyCount "40"]
[EventDate "2001.??.??"]
[EventType "swiss"]
[EventRounds "9"]
[EventCountry "FRA"]
[SourceTitle "EXT 2008"]
[Source "ChessBase"]
[SourceDate "2007.11.25"]
[SourceVersion "1"]
[SourceVersionDate "2007.11.25"]
[SourceQuality "1"]

1. e4 c5 2. Nf3 Nc6 3. d4 cxd4 4. Nxd4 Nf6 5. Nc3 e5 6. Ndb5 d6 7. Bg5 a6 8. Na3 b5 9. Nd5 Be7 10. Bxf6 Bxf6 11. c3 Ne7 12. Nxf6+ gxf6 13. Bd3 Bb7 14. 0-0 Ng6 15. Bxb5+ axb5 16. Nxb5 Ra6 17. Re1 Nf4 18. Qg4 Kf8 19. Qh4 h5 20. Rad1 Rg8 0-1